The tragedy of Dr Faustus /

Hlavní autor: Butler, James
Další autoři: Brodey, Kenneth, Marlowe, Christopher, 1564-1593.
Jazyk: Angličtina
Vydáno: [Genoa] : Black Cat, 2002
Vydání: First edition
Edice: Reading & training
Témata:
Fyzický popis: 128 stran : barevné ilustrace ; 21 cm + 1 CD
Knihy
Uloženo v:
LEADER 02055nam a2200529 i 4500
001 001492091
003 CZ BrMZK
005 20170110142419.0
007 ta
008 151013s2002 it a g 000 d eng
020 |z 978-88-7754-796-5  |q (brožováno) 
040 |a BOA001  |b cze  |e rda 
072 7 |a 811.111  |x Angličtina  |2 Konspekt  |9 11 
072 7 |a 821.111-2  |x Anglické drama, anglicky psané  |2 Konspekt  |9 25 
080 |a 821.111-2  |2 MRF 
080 |a 811.111  |2 MRF 
080 |a 028.4-028.31/.32  |2 MRF 
080 |a (0:82-2)  |2 MRF 
080 |a (0.046.6)  |2 MRF 
080 |a (07.063)81  |2 MRF 
100 1 |a Butler, James  |7 xx0033862  |4 aut 
245 1 4 |a The tragedy of Dr Faustus /  |c Christopher Marlowe ; retold by James Butler ; activities by Kenneth Brodey 
250 |a First edition 
264 1 |a [Genoa] :  |b Black Cat,  |c 2002 
300 |a 128 stran :  |b barevné ilustrace ;  |c 21 cm +  |e 1 CD 
336 |a text  |b txt  |2 rdacontent 
336 |a mluvené slovo  |b spw  |2 rdacontent 
337 |a bez média  |b n  |2 rdamedia 
337 |a audio  |b s  |2 rdamedia 
338 |a svazek  |b nc  |2 rdacarrier 
338 |a audiodisk  |b sd  |2 rdacarrier 
490 1 |a Reading & training 
500 |a Na obálce označení: step four B2.1 
650 0 7 |a angličtina  |7 ph114056  |2 czenas 
650 0 7 |a zjednodušená četba  |7 ph656682  |2 czenas 
653 0 |a jazyková úroveň B2 
655 7 |a anglická dramata  |7 fd131806  |2 czenas 
655 7 |a literární adaptace  |7 fd119387  |2 czenas 
655 7 |a jazykové učebnice, texty, příručky (B)  |7 fd600891  |2 czenas 
700 1 |a Brodey, Kenneth  |7 xx0033859  |4 aut 
700 1 2 |a Marlowe, Christopher,  |d 1564-1593.  |t Doctor Faustus  |7 aun2012688299 
830 0 |a Reading & training 
910 |a BOA001  |b 2-1355.071  |b CDR-1355.071 
990 |a BK 
991 |b 201510  |c NOV  |x 99  |e n 
996 7 |b 2610647273  |c 2-1355.071  |l Anglická knihovna/2.patro  |r ZHR  |n 23  |p kupz  |h AB  |w 001527106  |u 000010  |a 0  |e BOA001  |j MZK50  |s A 
996 7 |b 2610647274  |c CDR-1355.071  |d CD  |l Anglická knihovna/2.patro  |r ZHR  |n 14  |p kupz  |h AB 202  |w 001527106  |u 000020  |a 0  |e BOA001  |j MZK50  |s A